000 00788nam a22002297a 4500
003 OSt
005 20160622191254.0
008 160622b xxu||||| |||| 00| 0 eng d
020 _a978-0-07-312513-8 (pbk. : acid-free paper)
040 _cLIC
082 _22007
_aDC 808.0427
_bB96r
100 _910340
_aBuscemi, Santi V.
245 _a75 Readings : an anthology /
_cedited by Santi V. Buscemi, Charlotte Smith.
250 _a10th Edition
260 _aNew York :
_bMcGraw-Hill Higher Education,
_cc2007.
300 _axxviii, 446 pages ;
_c21 cm.
500 _aIncludes bibliographical references and index.
650 0 _910341
_aCollege readers
650 0 _910342
_aEnglish language
_vRhetoric
_xProblems, exercises, etc.
700 _910343
_aSmith, Charlotte.
942 _2ddc
_cDC
999 _c3098
_d3098